Teorie a praxe podnikání v dopravě

Krátka charakteristika dopravného systému. Predpoklady vývoja dopytu osobnej a nákladnej prepravy. Určenie úrovne dopravnej obsluhy územia. Naznačenie vytvorenia metódy fungovania dopravy na harmonizovaných podmienkach na prepravnom trhu a vytvorenie možnosti racionálneho fungovania dopravy na území...

Descrizione completa

Salvato in:
Dettagli Bibliografici
Autore principale: Eisler, Jan
Natura: Capitolo di libro
Lingua:ceco
Soggetti:
Tags: Aggiungi Tag
Nessun Tag, puoi essere il primo ad aggiungerne!!

MARC

LEADER 00000naa$a2200000$$$4500
001 0032803
005 20220905081348.1
041 0 |a cze 
044 |a SK 
245 1 0 |a Teorie a praxe podnikání v dopravě  |c Jan Eisler 
520 |a Krátka charakteristika dopravného systému. Predpoklady vývoja dopytu osobnej a nákladnej prepravy. Určenie úrovne dopravnej obsluhy územia. Naznačenie vytvorenia metódy fungovania dopravy na harmonizovaných podmienkach na prepravnom trhu a vytvorenie možnosti racionálneho fungovania dopravy na území Českej republiky. 
610 2 0 |a doprava 
610 2 0 |a doprava verejná 
610 2 0 |a preprava 
610 2 0 |a dopyt 
610 2 0 |a politika dopravná 
610 2 0 |a služby dopravné 
610 2 0 |a Česko 
100 1 |a Eisler, Jan